| 000 | 00664cam a2200253 4500 | ||
|---|---|---|---|
| 008 | 000000n2000 000 0 eng u | ||
| 020 | _a0571206522 | ||
| 035 | _a(Sirsi) u109585 | ||
| 100 | _aRogers, Richard | ||
| 245 | _aCities for a small country : the future of cities. | ||
| 260 |
_aLondon _bFaber Paperbacks _c2000 |
||
| 300 | _aviii; 307p. ill. ;18cm. x 18cm. | ||
| 350 | _a14.99 | ||
| 650 | _aCITIES | ||
| 650 | _aURBAN REGENERATION | ||
| 650 |
_aEnvironment _96238 |
||
| 650 | _aTRANSPORT | ||
| 650 | _aHOUSING | ||
| 650 | _aECONOMIC ISSUES | ||
| 650 | _aURBAN RENEWAL | ||
| 690 | _aREGENERATION | ||
| 700 | _aPower, Anne | ||
| 942 | _n0 | ||
| 999 |
_c100956 _d100956 |
||